Skills supply (Record no. 121118)

MARC details
000 -LEADER
fixed length control field 00973nas a22001817a 4500
001 - CONTROL NUMBER
control field K121118
007 - PHYSICAL DESCRIPTION FIXED FIELD--GENERAL INFORMATION
fixed length control field ta
008 - FIXED-LENGTH DATA ELEMENTS--GENERAL INFORMATION
fixed length control field 190930b2019 ||||| |||| 00| 0 eng d
041 ## - LANGUAGE CODE
Language code of text/sound track or separate title eng
245 ## - TITLE STATEMENT
Title Skills supply
260 ## - PUBLICATION INFORMATION
Date 2019
490 ## - SERIES TITLE
Series statement RICS Modus
Volume September 2019, 12-26(15)
520 ## - ABSTRACT
Abstract Series of articles discussing the skills shortages in the built environment. Adam Branson looks at the long term causes of the construction skills gap; Stuart Watson examines how real estate's technological revolution can benefit professionals; recruiter Richard Gelder looks at the most in demand roles at the moment; Rene Lavanchy looks at how renewable energy changes may be stymied by the lack of the right talent; Nick Deeks reports on what is happening in Australia and three academics look at what universities can do to inspire the next generation.
650 ## - KEYWORDS
Keywords skills shortage
650 ## - KEYWORDS
Keywords construction industry
650 ## - KEYWORDS
Keywords Proptech
651 ## - SUBJECT ADDED ENTRY--GEOGRAPHIC NAME
Geographic name United Kingdom
Holdings
Withdrawn status Lost status Source of classification or shelving scheme Damaged status Not for loan Home library Current library Shelving location Date acquired Total Checkouts Date last seen Price effective from Koha item type
    Dewey Decimal Classification     London London Gallery 30/09/2019   30/09/2019 30/09/2019 Journal article